Cançons populars i tradicionals per al cicle mitjà d'EGB / selecció i propostes didàctiques: Teresa Clota i Josep Oliveras 'Tero' Teresa Clota i Josep Oliveras 'Tero'
Publicado:
Barcelona :
Generalitat de Catalunya, Departament d'Ensenyament, Servei d'Ensenyament del Català ,
1985
Descripción Física:
93 p. : amb pauta musical ; 30 cm
Otros Autores:
Clota i Pallàs, Teresa
,
Oliveras, Josep
,
Catalunya. Servei d'Ensenyament del Català
MARC
| LEADER | 00000nam a2200000Ia 4500 | ||
|---|---|---|---|
| 001 | 1892 | ||
| 008 | 160829s1985 xx 000 0 cat d | ||
| 080 | |a M-3-9 | ||
| 245 | |a Cançons populars i tradicionals per al cicle mitjà d'EGB / selecció i propostes didàctiques: |b Teresa Clota i Josep Oliveras 'Tero' | ||
| 260 | |a Barcelona : |b Generalitat de Catalunya, Departament d'Ensenyament, Servei d'Ensenyament del Català, |c 1985 | ||
| 300 | |a 93 p. : |b amb pauta musical ; |c 30 cm | ||
| 490 | |a Eines de treball per a l'ensenyament del català ; 6 | ||
| 650 | |a Cançons infantils |x Catalunya |9 29156 | ||
| 650 | |a Català |x Ensenyament primari |9 43610 | ||
| 700 | |a Clota i Pallàs, Teresa |9 32841 | ||
| 700 | |a Oliveras, Josep |9 43015 | ||
| 700 | |a Catalunya. Servei d'Ensenyament del Català |9 22011 | ||
| 901 | |a Arxiu | ||
| 942 | |n 1 | ||
| 952 | |0 0 |1 0 |4 0 |6 M39 |7 1 |9 46121 |a Arxiu |b Arxiu |d 2016-12-01 |l 0 |o M-3-9 |p 1892 |r 2016-12-01 00:00:00 |w 2016-12-01 |y ARXIU | ||
| 999 | |c 49623 |d 49623 | ||